000 01052nam a22003730a 4500
001 PT59009
003 AR-LpoUNG
005 20210131231910.0
008 191001s2014||||ag |||||||||||||||||spa d
020 _a9789504940319
_c$37
040 _aAR-LpoUNG
_bspa
_cAR-LpoUNG
_eaacr
041 _aspa
044 _aag
082 0 _a509 718his
100 1 _aMoledo, Leonardo
245 1 0 _aHistoria de las ideas científicas :
_bde Tales de Mileto a la Máquina de Dios
250 _a2da. ed.
260 _aBuenos Aires :
_bPlaneta,
_c2014.
300 _a927 p. :
_bil., fot.
505 0 _aEl ítem S00063513 corresponde a la 3ra. edición de 2015.
650 4 _aANALISIS HISTORICO
650 4 _aCIENCIA
650 4 _aEDAD MEDIA
650 4 _aFILOSOFIA
650 4 _aHISTORIA
650 4 _aIGLESIA CATOLICA
650 4 _aPRINCIPIOS CIENTIFICOS
650 4 _aRENACIMIENTO
651 4 _aDOCUMENTOS TEORICOS O METODOLOGICOS
700 1 _aAlterleib, Diego
_eil.
700 1 _aOlszevicki, Nicolás
905 _a59009
942 _cLSALA
999 _c12471
_d12471